Normal view
MARC view
- ALBERT C. J
Entry Personal Name
001 - CONTROL NUMBER
- control field: 3606
003 - CONTROL NUMBER IDENTIFIER
- control field: OSt
005 - DATE AND TIME OF LATEST TRANSACTION
- control field: 20181009113212.0
008 - FIXED-LENGTH DATA ELEMENTS
- fixed length control field: 181009|| aca||aabn | a|a d
040 ## - CATALOGING SOURCE
- Original cataloging agency: OSt
- Transcribing agency: OSt
100 ## - HEADING--PERSONAL NAME
- Personal name: ALBERT C. J
670 ## - SOURCE DATA FOUND
- Source citation: Work cat.: (OSt)15013: ALBERT C. J ANUSHA P SHEMEEMA U. S, Development of technology for alternative material to areca leaf plates
